00275 a2200133 4500001000700000020002200007040001100029100002000040240003100060245002600091300000700117362000900124440000800133187869 a978-85-7153-343-1 cMagnum aSorrenti, Neusa10aQuando a primavera...lpor10aQuando a primavera... a560 a2014 1aRHJ